Atlas of the world

Salvato in:
Dettagli Bibliografici
Ente Autore: National Geographic (Autore)
Natura: Libro
Lingua:inglese
Pubblicazione: Washington, D.C National Geographic Society 2007
Edizione:8a. ed
Soggetti:
Tags: Aggiungi Tag
Nessun Tag, puoi essere il primo ad aggiungerne!!

MARC

LEADER 00000nam a2200000 a 4500
001 UCG3583
003 CL-VaPUC
008 100902e20070000US |||||||||||||||||eng|d
082 0 4 |a 910  |b NAT  |2 21 
110 2 |a National Geographic  |e author  |9 552828 
245 1 0 |a Atlas of the world 
250 |a 8a. ed 
300 |a 133 p 
942 |c BK 
945 |d 20100902 00:00:00  |a mfarfan 
260 |a Washington, D.C  |b National Geographic Society  |c 2007 
650 0 |a Atlas   |9 260843 
650 0 |a Mapas  |9 260844 
650 0 |a Geografía  |9 259346 
650 0 |a Cartografía   |9 266055 
583 |a last modification  |c 20100902 00:00:00  |k Rodrigo Vera 
999 |c 342636  |d 342634 
952 |0 0  |1 0  |4 0  |6 910_000000000000000_NAT_2007  |7 0  |8 C  |9 439039  |a BIBCUR  |b BIBCUR  |d 2019-11-22  |i 4701143  |l 3  |o 910 NAT 2007  |p 4701143  |r 2025-05-08  |s 2025-05-08  |w 2019-11-22  |y BK  |k EXP